Воспетые Пушкиным

Detalles Bibliográficos
Otros Autores: Муза Е. В. Елена Владимировна (составитель), Ковалев С. Р. (иллюстратор)
Sumario:Загл. указано на корешке
В суперобложке.
Lenguaje:ruso
Publicado: Пермь, Пермское книжное издательство, 1985
Edición:2-е изд.
Materias:
Formato: MixedMaterials Libro
KOHA link:https://koha.lib.tpu.ru/cgi-bin/koha/opac-detail.pl?biblionumber=234244

MARC

LEADER 00000nam0a2200000 4500
001 234244
005 20231101231314.0
010 |b 10000 экз. 
035 |a (RuTPU)RU\TPU\book\255355 
090 |a 234244 
100 |a 20130320d1985 m y0rusy50 ca 
101 0 |a rus 
102 |a RU 
105 |a ac z 001zd 
200 1 |a Воспетые Пушкиным  |f авт.-сост. Е. В. Муза ; худож. С. Р. Ковалев 
205 |a 2-е изд. 
210 |a Пермь  |c Пермское книжное издательство  |d 1985 
215 |a 158 с.  |c ил., портр.  |d 9,5 см. 
300 |a Загл. указано на корешке 
300 |a В суперобложке. 
320 |a Комментарий: с. 87-153 
320 |a Указатель источников: с. 154-158. 
600 1 |a Бакунина  |b Е. П.  |c в замужестве Полторацкая  |c фрейлина  |f 1795-1869  |g Екатерина Павловна  |2 stltpush  |3 (RuTPU)RU\TPU\pers\30547 
600 1 |a Голицына  |b Е. (А.) И.  |c русская княгиня  |c урожденная Измайлова  |f 1780-1850  |g Евдокия (Авдотья) Ивановна  |c жена С. М. Голицына  |2 stltpush  |3 (RuTPU)RU\TPU\pers\14043 
600 1 |a Семенова  |b Е. С.  |g Екатерина Семеновна  |c российская актриса  |f 1786-1849  |2 stltpush  |3 (RuTPU)RU\TPU\pers\12157 
600 1 |a Колосова  |b А. М.  |c русская актриса  |f 1802-1880  |g Александра Михайловна  |2 stltpush  |3 (RuTPU)RU\TPU\pers\30548 
600 1 |a Истомина  |b Е. И.  |c русская балерина  |f 1799-1848  |g Евдокия Ильинична  |2 stltpush  |3 (RuTPU)RU\TPU\pers\30549  |9 14845 
600 1 |a Ризнич  |b А.  |c жена И. Ризнича  |f 1803-1825  |g Амалия  |2 stltpush  |3 (RuTPU)RU\TPU\pers\30550 
600 1 |a Воронцова  |b Е. К.  |c урожденная Браницкая  |c жена генерал-губернатора М. С. Воронцова  |f 1792-1880  |g Елизавета Ксаверьевна  |2 stltpush  |3 (RuTPU)RU\TPU\pers\30551 
600 1 |a Керн  |b А. П.  |c урожденная Полторацкая  |c жена генерала Ермолая Федоровича Керна  |f 1800-1879  |g Анна Петровна  |c возлюбленная А. С. Пушкина  |2 stltpush  |3 (RuTPU)RU\TPU\pers\14044 
600 1 |a Волконская  |b М. Н.  |c русская княгиня  |c дочь генерала Н. Н. Раевского  |c жена декабриста С. Г. Волконского  |c друг А. С. Пушкина  |f 1805-1863  |g Мария Николаевна  |2 stltpush  |3 (RuTPU)RU\TPU\pers\13484  |9 4135 
600 1 |a Волконская  |b З. А.  |c княгиня  |c русская писательница  |c певица, композитор  |f 1789-1862  |g Зинаида Александровна  |2 stltpush  |3 (RuTPU)RU\TPU\pers\30552  |9 14848 
600 1 |a Ушакова  |b Е. Н.  |c в замужестве Наумова  |f 1809-1872  |g Екатерина Николаевна  |2 stltpush  |3 (RuTPU)RU\TPU\pers\30553  |9 14849 
600 1 |a Оленина  |b А. А.  |c дочь президента Академии художеств А. Н. Оленина  |f 1808-1888  |g Анна Алексеевна  |2 stltpush  |3 (RuTPU)RU\TPU\pers\30554 
600 1 |a Завадовская  |b Е. М.  |c урожденная Влодек  |c жена обер-прокурора Сената В. П. Завадовского  |f 1807-1874  |g Елена Михайловна  |2 stltpush  |3 (RuTPU)RU\TPU\pers\30555 
600 1 |a Вельяшева  |b Е. В.  |c знакомая А. С. Пушкина  |c племянница П. А. Осиповой  |f 1813-1865  |g Екатерина Васильевна  |2 stltpush  |3 (RuTPU)RU\TPU\pers\30556 
600 1 |a Закревская  |b А. Ф.  |c жена министра внутренних дел А. А. Закревского  |f 1799-1879  |g Аграфена Федоровна  |2 stltpush  |3 (RuTPU)RU\TPU\pers\30557 
600 1 |a Смирнова-Россет  |b А. О.  |c фрейлина, автор мемуаров  |f 1809-1882  |g Александра Осиповна  |2 stltpush  |3 (RuTPU)RU\TPU\pers\30558  |9 14854 
600 1 |a Гончарова  |g Наталья Николаевна  |b Н. Н.  |c Пушкина-Ланская  |c жена А. С. Пушкина  |f 1812-1863  |2 stltpush  |3 (RuTPU)RU\TPU\pers\120 
610 1 |a русская литература 
610 1 |a поэзия 
610 1 |a поэзия Пушкина 
686 |a Ч611.68  |v LBC/SL-A  |2 rubbk 
702 1 |a Муза  |b Е. В.  |g Елена Владимировна  |4 220 
702 1 |a Ковалев  |b С. Р.  |4 440 
801 1 |a RU  |b 63413507  |c 20130320 
801 2 |a RU  |b 63413507  |c 20130731  |g RCR 
942 |c BK